Statistics for List of most subscribed youtubers

Click here to take the quiz!

General Stats

  • This quiz has been taken 30 times
  • The average score is 5 of 13

Answer Stats

Days HeldAnswer% Correct
2050PewDiePie
96%
13PewDiePie
96%
5T-Series
81%
1631T-Series
81%
18Smosh
38%
517Smosh
38%
215Smosh
38%
12nigahiga
15%
675nigahiga
15%
564ray william johnson
12%
318FRED
8%
45Brookers
4%
226lonelygirl15
4%

Score Distribution

Percentile by Number Answered

Percent of People with Each Score

Your Score History

You have not taken this quiz